Cholinergic mechanisms

These discoveries throw new light on many areas of cholinergic mechanisms

保存先:
書誌詳細
フォーマット: 図書
言語:Undetermined
出版事項: New York Raven Press 1975
主題:
タグ: タグ追加
タグなし, このレコードへの初めてのタグを付けませんか!
Thư viện lưu trữ: Trung tâm Học liệu Trường Đại học Cần Thơ
LEADER 00569nam a2200181Ia 4500
001 CTU_221069
008 210402s9999 xx 000 0 und d
082 |a 612.8042 
082 |b C547 
245 0 |a Cholinergic mechanisms 
245 0 |c Edited by Peter Gaudenz Waser 
260 |a New York 
260 |b Raven Press 
260 |c 1975 
520 |a These discoveries throw new light on many areas of cholinergic mechanisms 
650 |a Cholinergic mechanisms,Cơ chế Cholinergic 
904 |i Nguyên 
980 |a Trung tâm Học liệu Trường Đại học Cần Thơ